| 000 | 02206nam0a2200385 4500 | ||
|---|---|---|---|
| 001 | RU\NLR\bibl\1179982 | ||
| 005 | 20250615092028.0 | ||
| 021 |
_aRU _b2007-85258 _94599 |
||
| 035 | _a(nilc)RSL-KNO-003363399 | ||
| 035 | _a(NLR Aleph) 001166592 | ||
| 090 |
_a1570879 _c1570879 |
||
| 100 | _a20071205d2007 |||y0rusy50 ca | ||
| 101 | 0 | _arus | |
| 102 | _aRU | ||
| 105 | _aa ||||||||| | ||
| 200 | 1 |
_aРесурсы и перспективы освоения нетрадиционных источников газа в России _fВ.С. Якушев, Е.В. Перлова, В.А. Истомин [и др.] _gОткрытое АО "Газпром", Информ.-рекл. центр газовой пром-сти (ООО "ИРЦ Газпром") |
|
| 210 |
_aМосква _cИРЦ Газпром _d2007 |
||
| 215 |
_a151 с., [8] л. цв. ил., карт. _cил., карт., табл. _d25 |
||
| 320 | _aБиблиогр.: с. 142-148 (77 назв.) | ||
| 606 | 1 |
_aЕстественные газы _xДобыча _xПрогнозирование _91024433 _3RU\NLR\auth\66391934 |
|
| 606 | 1 |
_aЕстественные газы _xМесторождения нетрадиционные _yРоссийская Федерация _92306673 _3RU\NLR\auth\661380713 |
|
| 610 | 0 | _aНауки о Земле (геодезические, геофизические, геологические и географические науки) -- Геологические науки -- Полезные ископаемые -- Горючие полезные ископаемые -- Природные горючие газы | |
| 686 |
_aД453.2,0 _2rubbk |
||
| 686 | _aИ362 | ||
| 686 | _aД454.2-09(2Р) | ||
| 701 | 1 |
_4070 _7ca _8rus _aЯкушев _bВ. С. _f1962- _gВладимир Станиславович _9146106 _3RU\NLR\AUTH\770146142 |
|
| 701 | 1 |
_aПерлова _bЕ. В. _gЕлена Владимировна _4070 |
|
| 701 | 1 |
_aИстомин _bВ. А. _f1951- _gВладимир Александрович _4070 |
|
| 801 | 0 |
_aRU _bРКП _c20071205 _grcr |
|
| 801 | 1 |
_aRU _bРГБ _c20071205 |
|
| 801 | 2 |
_aRU _bNLR _c20080128 _grcr |
|
| 942 | _cBOOK | ||
| 980 | _aNB | ||